书目信息 |
| 题名: |
毕加索谈话录
|
|
| 作者: | 布拉萨依 著 ;杨元良 译 | |
| 分册: | ||
| 出版信息: | 长沙 湖南文艺出版社 2000 |
|
| 页数: | 400页 | |
| 开本: | 20cm | |
| 丛书名: | ||
| 单 册: | ||
| 中图分类: | K835.515.72 | |
| 科图分类: | ||
| 主题词: | 画家--传记--西班牙--现代 , 画家 , 传记 | |
| 电子资源: | ||
| ISBN: | 7-5404-2294-7 | |
| 000 | 00813nam0 2200253 450 | |
| 001 | 0900000015577 | |
| 005 | 20051013162437.82 | |
| 010 | @a7-5404-2294-7@dCNY22.00 | |
| 100 | @a20041112d2000 ekmy0chiy0120 ea | |
| 101 | 1 | @achi@cfre |
| 102 | @aCN@b430000 | |
| 105 | @ay z 000yy | |
| 200 | 1 | @a毕加索谈话录@9bi jia suo tan hua lu@f(法)布拉萨依著@F(fa)bu la sa yi zhu@g杨元良译 |
| 210 | @a长沙@c湖南文艺出版社@d2000 | |
| 215 | @a400页@c照片@d20cm | |
| 330 | @a本书作者与毕加索有长期交往,他记录了毕加索对人生、艺术、朋友、战争的思考和评论等内容。 | |
| 606 | 0 | @a画家@x传记@y西班牙@z现代 |
| 606 | 0 | @a画家 |
| 606 | 0 | @a传记 |
| 690 | @aK835.515.72@v4 | |
| 701 | 0 | @a布拉萨依@Abu la sa yi@4著 |
| 702 | 0 | @a杨元良@9yang yuan liang@4译 |
| 801 | 0 | @aCN@bTSSF@c20051013 |
| 905 | @a10447@dK835.515.72@e319BL | |
| 毕加索谈话录/(法)布拉萨依著/杨元良译.-长沙:湖南文艺出版社,2000 |
| 400页:照片;20cm |
| ISBN 7-5404-2294-7:CNY22.00 |
| 本书作者与毕加索有长期交往,他记录了毕加索对人生、艺术、朋友、战争的思考和评论等内容。 |
| ● |
| 相关链接 |
|
|
|
|
正题名:毕加索谈话录
索取号:K835.515.72/319BL
 
预约/预借
| 序号 | 登录号 | 条形码 | 馆藏地/架位号 | 状态 | 备注 |
| 1 | 0366228 | 3662281 | 第二样本阅览室/ [索取号:K835.515.72/319BL] | 在馆 | |
| 2 | 0366229 | 3662290 | 密集书库/ [索取号:K835.515.72/319BL] | 在馆 | |
| 3 | 0366230 | 3662307 | 密集书库/ [索取号:K835.515.72/319BL] | 在馆 | |
| 4 | 0366231 | 3662316 | 第二借阅区/ [索取号:K835.515.72/319BL] | 在馆 | |
| 5 | 0366232 | 3662325 | 第二借阅区/ [索取号:K835.515.72/319BL] | 在馆 |